Pracovná neschopnosť pre chorobu a úraz 1992
Enregistré dans:
| Format: | Livre |
|---|---|
| Langue: | slovaque |
| Publié: |
Bratislava
Štatistický úrad Slovenskej republiky
1993
|
| Collection: | Štatistické čísla a grafy
|
| Sujets: | |
| Tags: |
Pas de tags, Soyez le premier à ajouter un tag!
|
MARC
| LEADER | 00000nam a2200000 4500 | ||
|---|---|---|---|
| 001 | c010769 | ||
| 005 | 20260220075759.0 | ||
| 041 | 0 | |a slo | |
| 044 | |a SK | ||
| 245 | 1 | 0 | |a Pracovná neschopnosť pre chorobu a úraz 1992 |
| 264 | 1 | |a Bratislava |b Štatistický úrad Slovenskej republiky |c 1993 | |
| 300 | |a 111 s. | ||
| 490 | 1 | |a Štatistické čísla a grafy | |
| 830 | 0 | |a Štatistické čísla a grafy | |
| 610 | 2 | 0 | |a Slovensko |
| 610 | 2 | 0 | |a práceneschopnosť |
| 610 | 2 | 0 | |a chorobnosť |
| 610 | 2 | 0 | |a úrazy pracovné |